| 000 | 00796nam a2200241 i 4500 | ||
|---|---|---|---|
| 001 | bg | ||
| 100 | 1 |
_aGOETHE, Johann Wolfgang von _d(1749-1832) |
|
| 245 | 1 | 0 |
_aEgmont : _bein Trauerspiel in fünf Aufzügen / _cJohann Wolfgang Goethe ; Anm. von Hans Wagener. |
| 260 |
_aStuttgart : _bPhilipp Reclam, _c2004. |
||
| 300 |
_a112 s. ; _c15 cm. |
||
| 490 | 1 |
_aUniversal-Bibliothek ; _vNr 75 |
|
| 650 | 9 |
_aDramat niemiecki _y18 w. |
|
| 700 | 1 | _aWAGENER, Hans | |
| 830 | _aUniversal-Bibliothek ; | ||
| 020 | _a3150000750 | ||
| 040 | _cBPK | ||
| 041 | 0 | _ager | |
| 080 | _a821.112.2-2 | ||
| 920 | _a3-15-000075-0 | ||
| 942 | _cKS | ||
| 008 | s pl f |000 0 pol | ||
| 999 |
_c45949 _d45949 |
||
| 856 |
_uhttp://koha.tu.koszalin.pl/cgi-bin/koha/opac-detail.pl?biblionumber=45949 _yKatalog online BPK |
||